000 01197nam a22002777a 4500
001 4262
003 FISKH
005 20250211161025.0
008 240710b cb ||||| |||| 00| 0 eng d
020 _a9780545112437
040 _aFISKH
_beng
_cFISKH
_dFISKH
050 _aPZ7
082 _a823.92
100 _aMoss, Olivia
245 _aButterfly Meadow :
_bSkipper gets spooked /
_cBy Olivia Moss ; illustrated by Helen Turner
260 _aNew York :
_bScholastic,
_c2009.
300 _a65 pages :
_billustrations ;
_c20 cm
505 _aN
520 _a"In Butterfly Meadow, colorful butterflies dance through the air, glowworms inch through the grass, and bumblebees buzz around every flower. It's a place where friendships and adventures take flight! When Skipper and her friends come across a group of moths in the meadow, they're in for a fright! They join the moths for a night flight, but everything looks extra-spooky in the dark. Will Skipper's latest adventure turn into a nightmare?"
521 8 _a550
_bLexile
521 8 _aN
_bRaz-Plus
650 _aFantasy
_vFiction
700 _aTurner, Helen
_eillustrator
942 _2ddc
_cBK
_n0
999 _c4262
_d4262